000 01203nam a22002657a 4500
005 20240530110619.0
008 161205s2011 ua h f 001 0 ara d
017 _a2011/7640
_bمصر . دار الكتب المصرية
020 _a9789771808022
040 _aEG-CaGPL
082 0 4 _221
_a953.0962
_bق/ب و
100 1 _aبيترس ، رودلف
245 1 0 _aوثائق مدينة القصر بالواحات الداخلة مصدرا لتاريخ مصر في العصر العثماني /
_cرودلف بيترس
260 _aالفاهرة :
_bدار الكتب والوثائق القومية ،
_c2011.
300 _a610 ص. :
_bصور ؛
_c24 سم +
_eملاحق.
490 0 _aدراسات وثائقية ؛
_v1
504 _aيشتمل على ارجاعات ببليوجرافية
650 0 7 _2qrmak
_aالامبراطورية العثمانية
651 0 7 _2qrmak
_aمصر
_xتاريخ
_yالعصر العثماني(1517-1914)
651 0 7 _2qrmak
_aالواحات الداخلة
651 0 7 _2qrmak
_aالواحات الداخلة
_xتاريخ
653 0 4 _aمدينة القصر
942 _2ddc
_cBK
999 _c63015
_d63015